Historia compendiada de la iglesia cristiana (Registro nro. 39512)
[ vista simple ]
| 000 -LÍDER | |
|---|---|
| Campo fijo de descripción fija | 01665aam a2200313 i 4500 |
| 001 - NÚMERO DE CONTROL | |
| Campo de control | 768714001 |
| 003 - IDENTIFICADOR DEL NÚMERO DE CONTROL | |
| Campo de control | CO-MdFUSB |
| 005 - FECHA Y HORA DE LA ULTIMA TRANSACCIÓN | |
| control field | 20210917161346.0 |
| 007 - CAMPO FIJO DE DESCRIPCIÓN FIJA--INFORMACIÓN GENERAL | |
| Campo fijo de descripción fija | ta |
| 008 - ELEMENTOS DE LONGITUD FIJA -- INFORMACIÓN GENERAL | |
| Campo fijo de descripción fija -- Información general | 210917t1946 mx |||| |||| 00| 0 spa d |
| 020 ## - NÚMERO INTERNACIONAL NORMALIZADO PARA LIBROS | |
| Número Internacional Normalizado del libro | [No incluye ISBN] |
| 040 ## - FUENTE DE CATALOGACIÓN | |
| Idioma de catalogación | spa. |
| Agencia de catalogación original | CO-MdFUSB |
| Agencia que realiza la transcripción | CO-MdFUSB |
| Agencia que realiza la modificación | CO-MdFUSBC |
| Convenciones de la descripción | rda |
| 041 ## - CÓDIGO DE IDIOMA | |
| Código de idioma para texto/pista de sonido o título separado | spa |
| 082 04 - NÚMERO DE CLASIFICACIÓN DECIMAL DEWEY | |
| Número de clasificación | 270 |
| Número de la edición del Dewey | 23 |
| Clave de autor-Numero de item | H9664j |
| 100 1# - ASIENTO PRINCIPAL--NOMBRE PERSONAL | |
| Nombre personal | Hurst, Juan Fletcher |
| Término relacionador | autor |
| 245 10 - TÍTULO | |
| Título del Material | Historia compendiada de la iglesia cristiana |
| Mención de responsabilidad, etc. | / Juan Fletcher hurst; versión al español por Primitivo A. Rodríguez |
| 250 ## - MENCIÓN DE EDICIÓN | |
| Mención de edición | 7 |
| 264 #0 - PRODUCCIÓN, PUBLICACIÓN, DISTRIBUCIÓN, MANUFACTURA, Y COPYRIGHT | |
| Lugar de producción, publicación, distribución, manufactura | México : |
| Nombre del productor, publicador, distribuidor | La Aurora, |
| Fecha de producción, publicación, distribución, manufactura, o copyright | [1946] |
| 300 ## - DESCRIPCIÓN FÍSICA | |
| Extensión | 552 páginas |
| Dimensiones | ; 22 cm |
| 336 ## - TIPO DE CONTENIDO | |
| Fuente | rdacontent |
| Término de tipo de contenido | texto |
| Código de tipo de contenido | txt |
| 337 ## - TIPO DE MEDIO | |
| Fuente | rdamedia |
| Nombre del tipo de medio | sin mediación |
| Código del tipo de medio | n |
| 338 ## - TIPO DE SOPORTE | |
| Fuente | rdacarrier |
| Nombre del tipo de soporte | volumen |
| Código Tipo de soporte | nc |
| 505 ## - NOTA DE CONTENIDO | |
| Nota de contenido con formato preestablecido | De la iglesia y su historia. -- La escena de los trabajos de los apóstoles. -- Del estado de la civilizaciones griega y romana. -- De la actitud del judaísmo para con la religión cristiana. -- Del período de las persecuciones. -- Del culto cristiano. -- De la vida de los cristianos. -- De la organización eclesiástica. -- Del ebionismo y el gnosticismo. -- De los defensores del cristianismo. -- De las escuelas cristianas. -- Constantino liberta a la iglesia. -- De la reacción bajo Juliano. -- De la reforma montanista. -- De las controversias sobre la naturaleza divina de nuestro Señor. -- De las controversias posteriores. -- De los cismas eclesiásticos. -- De la escritura y la tradición. -- De los escritores apócrifos. |
| 563 ## - NOTA DE ENCUADERNACIÓN | |
| Nota de encuadernación | Tapa dura |
| 650 #0 - ASIENTO SECUNDARIO DE MATERIA - TERMINO TEMÁTICO | |
| 9 (RLIN) | 153 |
| Término temático o nombre geográfico como elemento de entrada | Historia de la Iglesia |
| 700 ## - ASIENTO SECUNDARIO - NOMBRE PERSONAL | |
| 9 (RLIN) | 5626 |
| Nombre personal | Rodríguez, Primitivo A. |
| 942 ## - TIPO DE MATERIAL (KOHA) | |
| Tipo de Item KOHA | Libros General |
| 945 ## - INFORMACIÓN LOCAL DEL REGISTRO | |
| Catalogador | JTF-925 |
| Estado de Material | Estado de Perdido | Forma de Clasificación | Estado de Dañado | No para Préstamo | Colección | Tomo | Biblioteca de Origen | Biblioteca Permanente | Fecha de Adquisición | Total de Préstamos | Signatura Topográfica | Código de Barras | Última vez visto | Ejemplar/Existencia | Fecha de Remplazo | Tipo de Material |
|---|---|---|---|---|---|---|---|---|---|---|---|---|---|---|---|---|
| Dewey Decimal Classification | Colección General | Biblioteca FUSBC | Biblioteca FUSBC | 19/01/2005 | G 270 H9664j | 6775 | 18/10/2024 | 1 | 26/01/2016 | Libros Patrimoniales |
